000 00427nam a2200181Ia 4500
008 151202s9999||||xx |||||||||||||| ||und||
082 _bPNVM-11371
100 _aBYRON.
245 _aWORK OF LARD BYRON VOL3.
260 _b"J. MURRAY, LONDON."
260 _c0
300 _a383
600 _aBYRON.
630 _aWORK OF LARD BYRON VOL3.
700 _aBYRON.
730 _aWORK OF LARD BYRON VOL3.
942 _cBOOK
999 _c1277358
_d1277355